[Event "IECC M email"]
[Site "IECC email"]
[Date "1999.08.05"]
[Round "?"]
[White "Bunyan, Henry"]
[Black "Petschulat, Stephen"]
[Result "1-0"]
[WhiteElo "1360"]
[BlackElo "1300"]
[PlyCount "54"]
[EventDate "1999.??.??"]
[EventType "tourn (corr)"]
[EventRounds "6"]
[SourceTitle "Corr 2008"]
[Source "ChessBase"]
[SourceDate "2008.06.24"]
[SourceVersion "1"]
[SourceVersionDate "2008.06.24"]
[SourceQuality "1"]

1. c4 e5 2. Nc3 Nc6 3. Nf3 f5 4. d4 e4 5. Bg5 Be7 6. Bxe7 Qxe7 7. Nd5 Qd6 8. Nd2 Nxd4 9. Nxe4 Qe5 10. Nxc7+ Qxc7 11. Qxd4 Qa5+ 12. Kd1 fxe4 13. Qxg7 Qf5 14. Qxh8 Qf7 15. Qe5+ Qe7 16. Qxe7+ Nxe7 17. Kd2 d5 18. Ke3 Be6 19. cxd5 Bxd5 20. f3 exf3 21. gxf3 Rc8 22. Bh3 Rc2 23. b3 Kf7 24. Kd3 Rc6 25. e4 Be6 26. Bxe6+ Kxe6 27. f4 Rd6+ 1-0